| 000 | 01455nam a2200373 a 4500 | ||
|---|---|---|---|
| 005 | 20240510111221.0 | ||
| 008 | 100302s2010 ag il. f | 001 0 spa d | ||
| 020 | _a9789500613699 | ||
| 041 | _aspa | ||
| 092 |
_c611 _l76 _sRUI |
||
| 100 | 1 |
_aLatarjet, Michel _93802 |
|
| 245 |
_aAnatomía Humana. _bT.2 / _cAlfredo Ruiz Liard (h) |
||
| 250 | _a4a ed. 8a reimp. | ||
| 260 |
_aBuenos Aires: _bEditorial Médica Panamericana; _c2010. |
||
| 300 |
_a881-1746 p. _bil. _c28x20 cm. _eincluye CD |
||
| 500 | _aLatarjet, M. y Ruiz Liard, A. (2010). Anatomía humana. T.2 (4a ed.). Buenos Aires : Editorial Médica Panamericana. | ||
| 590 | _aCompra FACIMED, Julio 2011. Ejemplar (4a ed.) roto y reemplazado por Azul Moharraui por una edición nueva (5a ed.), conserva el inventario y número de ejemplar. 11/12/2023 | ||
| 653 | _aCaja torácica | ||
| 653 | _aSistema cardiovascular | ||
| 653 | _aVasos sanguíneos | ||
| 653 | _aArterias de la gran circulación | ||
| 653 | _aVenas de la gran circulación | ||
| 653 | _aSistema linfático | ||
| 653 | _aSistema respiratorio | ||
| 653 | _aSistema digestivo supradiafragmático | ||
| 653 | _aPared abdominal | ||
| 653 | _aCavidad abdominal y sistema digestivo infradiafragmático | ||
| 653 | _aSistema urinario | ||
| 653 | _aSistema genital masculino | ||
| 653 | _aSistema genital femenino | ||
| 653 | _aGlándulas endócrinas | ||
| 700 | 1 |
_aRuiz Liard, Alfredo _9777 |
|
| 942 |
_2ddc _cBK _05 |
||
| 999 |
_c874 _d874 |
||